100 One Word Television Shows Quiz Stats

 Plays Quiz not verified by Sporcle

Challenge
Share
Tweet
Score 0/100 Timer 20:00
1 Play Today
% Correct
Seinfeld
96.3%
Lost
93.3%
Friends
92.5%
Scrubs
91.9%
Futurama
91.7%
Roseanne
90.2%
Frasier
89%
Sherlock
88.1%
Cheers
85.4%
ER
84%
Supergirl
81.9%
Arrow
81.5%
24
81.1%
Veep
79.6%
Bewitched
79.6%
Dexter
78%
Rugrats
78%
Bones
77.8%
Glee
75.7%
Transformers
75.1%
Monk
74.2%
Charmed
73%
Archer
71.5%
Daria
71.5%
Alias
70.9%
Scandal
70.9%
Castle
69.6%
Blossom
69.4%
Community
68.8%
Dallas
68.6%
Firefly
68%
Hannibal
67.4%
Elementary
67.2%
Columbo
66.9%
% Correct
Homeland
66.7%
Nashville
66.5%
Animaniacs
65.7%
Dynasty
65.1%
Fame
64.4%
Girls
63.8%
Smallville
62.4%
Reba
62.4%
Weeds
60.1%
Supernatural
60.1%
Psych
59.7%
Entourage
59%
Gotham
55.5%
Angel
54.3%
Heroes
52.2%
Vikings
51.6%
Deadwood
51.1%
Westworld
50.9%
Chuck
50.1%
Revenge
48.6%
Suits
48.4%
Justified
48.2%
Riverdale
47.2%
NewsRadio
46.8%
Portlandia
46.8%
Daredevil
45.1%
Felicity
44.5%
Quantico
44.3%
Thundercats
43.9%
Fringe
43.5%
Gargoyles
43.2%
Fargo
41.8%
Moesha
41.4%
Medium
40.3%
% Correct
Wilfred
39.5%
Outlander
39.5%
Shameless
36%
Lucifer
35.1%
Southland
32.4%
Blindspot
32%
Scorpion
30.8%
Alcatraz
28.7%
Sliders
27.7%
Reign
27.2%
Suburgatory
24.3%
Selfie
23.7%
Leverage
23.3%
Smash
21.6%
Everwood
21%
Limitless
20%
Forever
19.3%
Undeclared
18.1%
Dollhouse
17.7%
Carnivale
16%
Greek
15.4%
ReBoot
15.4%
Jericho
15.2%
Dracula
14.3%
Graceland
12.7%
Huff
12.1%
Popular
11.9%
Conviction
10.2%
Heartland
9.6%
Trollhunters
8.7%
Zoo
7.5%
Notorious
4.8%

You're not logged in!

Compare scores with friends on all Sporcle quizzes.
Join for Free
OR
Log In

You Might Also Like...

Show Comments

Extras

Top Quizzes Today


Score Distribution

Your Account Isn't Verified!

In order to create a playlist on Sporcle, you need to verify the email address you used during registration. Go to your Sporcle Settings to finish the process.

Report this User

Report this user for behavior that violates our Community Guidelines.

Details: